000 00383nam a2200145Ia 4500
008 240624s9999 xx 000 0 und d
041 _aeng
082 _a657 SHA
100 _aSHANKARANARAYAN H V
245 _aFINANCIAL ACCOUNTING FOR MANAGEMENT
250 _a(2nd ed.)
260 _c2015
_aNew Delhi
_bCengage Learning
300 _axxiv, : 796 : p. : cm. ; 26
365 _cRS
_b31
999 _c25203
_d25203